Bình yên cho ngày thường Tập thơ
Αποθηκεύτηκε σε:
| Μορφή: | Βιβλίο |
|---|---|
| Έκδοση: |
H.
Công an nhân dân
1985
|
| Θέματα: | |
| Ετικέτες: |
Προσθήκη ετικέτας
Δεν υπάρχουν, Καταχωρήστε ετικέτα πρώτοι!
|
| Thư viện lưu trữ: | Trung tâm Học liệu Lê Vũ Hùng, Trường Đại học Đồng Tháp |
|---|
| LEADER | 00704pam a22002298a 4500 | ||
|---|---|---|---|
| 001 | 00022465 | ||
| 005 | 20171026081023.0 | ||
| 008 | 110530s1985 ||||||Viesd | ||
| 041 | 0 | # | |a Vie |
| 082 | 1 | 4 | |a 895.922 134 |b B312Y |
| 245 | 0 | 0 | |a Bình yên cho ngày thường |b Tập thơ |
| 260 | # | # | |a H. |b Công an nhân dân |c 1985 |
| 300 | # | # | |a 73 tr. |c 19 cm. |
| 653 | # | # | |a Thơ |
| 653 | # | # | |a Việt Nam |
| 653 | # | # | |a Văn học hiện đại |
| 852 | # | # | |b Kho mượn |j KM.0011472 |
| 852 | # | # | |b Kho đọc |j KD.0009992 |
| 852 | # | # | |j KD.0009992 |j KM.0011472 |
| 910 | 0 | # | |a Đức |d 30/05/2011 |
| 980 | # | # | |a Trung tâm Học liệu Lê Vũ Hùng, Trường Đại học Đồng Tháp |